| 000 | 00676nam a2200181 a 4500 | ||
|---|---|---|---|
| 001 | 000045517 | ||
| 005 | 20230526111406.0 | ||
| 008 | 150413s2003 dr 000 0 spa d | ||
| 040 |
_aDO-SdBNP _bspa _cBNPHU |
||
| 082 |
_axxxx _bxxxx |
||
| 110 | 1 |
_aInstituto de Desarrollo y Crédito Cooperativo. _bDepartamento de Educación _973573 |
|
| 240 | 1 | 0 | _a[Leyes, etc.] |
| 245 | 1 | 0 | _aCompendio de leyes cooperativas. |
| 260 |
_aSanto Domingo : _bIDECOOP, _c2003. |
||
| 300 |
_a73 p. ; _c22 cm. |
||
| 505 | 0 |
_aLey no. 127 -- _tReglamento de la ley no. 127 _tLey no. 31 _tLey no. 28 _tDecreto No. 1498 -- _tLey no. 4227 -- |
|
| 710 | 1 | 2 |
_aInstituto de Desarrollo y Crédito Cooperativo _957967 |
| 999 |
_c45006 _d45006 |
||